Statistics for Квиз о 2010-им

Click here to take the quiz!

General Stats

  • This quiz has been taken 65 times
  • The average score is 12 of 20

Answer Stats

ТрагОдговор% Correct
Српски тенисер који је дошао на прво место АТП листеНовак Ђоковић
94%
Контроверзни Американац који је 2016. победио на председничким изборимаДоналд Трамп
89%
Град у коме је отворена највиша зграда на светуДубаи
85%
Друштвена мрежа коју је Фејсбук 2012. купио за милијарду долараИнстаграм
81%
Најдуговечнији монарх у британској историјиКраљица Елизабета II
81%
Виртуелна валута која је достигла вредност од преко 100 милијарди долара крајем деценијеБиткоин
77%
Држава која је претрпела нуклеарну несрећу након земљотреса јачине 9,0 Рихтера и цунамијаЈапан
74%
Полуострво које је Русија анектирала 2014.Крим
70%
Град који је по трећи пут био домаћин Олимпијских игараЛондон
66%
Колоквијални назив за излазак Уједињеног Краљевства из Европске унијеБрегзит
60%
Терористички вођа кога су 2011. убиле америчке снаге у ПакистануОсама бин Ладен
60%
Предузетник који се бавио прављењем аутомобила, лансирањем ракета, бушењем тунела и постављањем соларних панелаИлон Маск
57%
Држава која је прогласила независност 2011.Јужни Судан
53%
Болест која је усмртила око 11.000 људи у западној АфрициЕбола
51%
Земља чији је број становника пао са 21 милион на 17 милиона, због грађанског рата и касније масовне емиграцијеСирија
49%
Компанија за стрипове која је објавила 21 од 100 комерцијално најуспешнијих филмова деценијеМарвел
42%
Држава чији је један авион мистериозно нестао, док су други оборили руски сепаратистиМалезија
42%
Назив серије протеста који су потресли Тунис, Либију, Египат и друге земље 2011.{Арапско} пролеће
40%
Споразум о смањењу емисије угљен-диоксида који је потписало 195 земаља{Париски} споразум
32%
Земља у којој је Боко Харам киднаповао 276 ученицаНигерија
28%

Score Distribution

Percentile by Number Answered

Percent of People with Each Score

Your Score History

You have not taken this quiz